Architects' year book 5 / (Record no. 136327)

MARC details
000 -LEADER
fixed length control field 00505nam a22001817a 4500
010 ## - LIBRARY OF CONGRESS CONTROL NUMBER
LC control number 044936
035 ## - SYSTEM CONTROL NUMBER
System control number 044936
037 ## - SOURCE OF ACQUISITION
Source of stock number/acquisition Cen Lib / Ret
040 ## - CATALOGING SOURCE
Original cataloging agency DPL
Language of cataloging En
082 ## - DEWEY DECIMAL CLASSIFICATION NUMBER
Classification number 720.5
Item number ARC
245 ## - TITLE STATEMENT
Title Architects' year book 5 /
Statement of responsibility, etc edited by Trevor Dannatt
260 ## - PUBLICATION, DISTRIBUTION, ETC. (IMPRINT)
Place of publication, distribution, etc London
Name of publisher, distributor, etc Elek Books Ltd
Date of publication, distribution, etc 1953
270 ## - ADDRESS
Address Elek Books Ltd
City London
300 ## - PHYSICAL DESCRIPTION
Extent 293p ;
Dimensions 27cm(Hb)
650 ## - SUBJECT ADDED ENTRY--TOPICAL TERM
Topical term or geographic name as entry element Architecture.
9 (RLIN) 25172
700 ## - ADDED ENTRY--PERSONAL NAME
Personal name Dannatt, Trevor
9 (RLIN) 142139
942 ## - ADDED ENTRY ELEMENTS (KOHA)
Source of classification or shelving scheme Dewey Decimal Classification
Koha item type English Books
Classification part 720.5
Call number suffix ARC
Holdings
Withdrawn status Lost status Damaged status Not for loan Home library Current library Date acquired Source of acquisition Total Checkouts Full call number Barcode Date last seen Copy number Price effective from Koha item type
        Central Library Central Library 23/03/2016 Cen Lib/Ret   720.5 ARC 044936 23/03/2016 1 23/03/2016 English Books

© Delhi Public Library
Hit Counter
free hit counter